Missing Word: Harry Potter Cast IV Quiz Stats

Quiz Updated Aug 4, 2016

Challenge
Share
Tweet
Embed
Score 0/24 Timer 03:00
0 Plays Today
Answer % Correct
Phantom
93.1%
Love
92.8%
Another
91.2%
Last
90.2%
Dead
90%
Fish
89.8%
Nanny
89.4%
Country
88.1%
Doctor
86.9%
Anna
86.9%
Speech
86.5%
Sky
80%
Answer % Correct
Brian
79.8%
Sun
70.9%
Heaven
70.1%
Rat
63.2%
Constant
52.1%
Neverland
41.4%
Crying
34.2%
Her
33.4%
Secrets
28.6%
Scandal
28.3%
Girl
26.4%
Enchanted
14.8%

Today's Daily Dose

You're not logged in!

Compare scores with friends on all Sporcle quizzes.
Sign Up with Email
OR
Log In

You Might Also Like...

Show Comments

Extras

Top Quizzes Today


Score Distribution

Your Account Isn't Verified!

In order to create a playlist on Sporcle, you need to verify the email address you used during registration. Go to your Sporcle Settings to finish the process.